000 00565nam a2200193Ia 4500
003 OSt
005 20250213162225.0
008 210210b1944 xxu||||| |||| 00| 0 eng d
040 _cAL
041 _ahin
082 _a868/47
100 _aSHARMA (Ramanna)
_9199524
110 _bशर्मा (रमान्ना)
_9199525
245 _aHindustan ki bulbul:
_bहिंदुस्तान की बुल बुल
260 _aMadras
_bDakshin Bharat Hindi Pracha Sabha
_c1944
690 _aBiography
_9199527
906 _a023772
942 _2ddc
_cBK
999 _c148737
_d148737